MARC

LEADER 00000nam a2200000Ia 4500
001 14681
008 160829s1489 xx 000 0 cat d
080 |a R-12-175 
100 |a Agustí, Sant, Bisbe d'Hipona  |9 23605 
245 |a [De civitate Dei] / [Aureli Augustini Hippone[n]sis Episcopi] 
260 |a Venetiis :  |b impensis Octauiani Scoti ([Bonetus Locatellus]),  |c 1489 
300 |a [514] p. ;  |c 31 cm 
590 |a Portada inexistent, pàg. mutilada.  
590 |a Títol al llom: D. Augustinnus de civitate Dei.  
590 |a Altra possible títol a substitut de portada: Augustinus, de civitate Dei : cum commento 
650 |a Literatura cristiana primitiva   |9 23606 
650 |a Pensament religiós  |x Fins al 600  |9 23607 
901 |a Arxiu 
942 |n 1 
952 |0 0  |1 0  |4 0  |6 R12175  |7 1  |9 42773  |a Arxiu  |b Arxiu  |d 2016-12-01  |l 0  |o R-12-175  |p 14681  |r 2016-12-01 00:00:00  |w 2016-12-01  |y ARXIU 
999 |c 45279  |d 45279